Statistics for Guess the lyrics (#74)

Click here to take the quiz!

General Stats

  • This quiz has been taken 59 times
  • The average score is 102 of 273

Answer Stats

Answer% Correct
I
100%
a
93%
A
93%
the
91%
The
91%
you
85%
when
84%
we
82%
We
82%
me,"
78%
me
78%
And
76%
and
76%
love
76%
who
75%
then
73%
on
69%
it
67%
It
67%
she
67%
to
65%
To
65%
win
65%
in
64%
of
62%
will
62%
us
60%
was
60%
that
58%
They
58%
they
58%
what
58%
one
56%
were
55%
could
51%
for
49%
all
47%
At
45%
at
45%
like
45%
say,
40%
with
40%
get
38%
girl
38%
said,
38%
never
36%
Their
36%
those
35%
game
33%
game,
33%
night
33%
only
33%
knew,
31%
knew
31%
"Come
29%
than
29%
away
25%
more
25%
haven
24%
dance
22%
home,
22%
isn't
22%
girls
20%
meant
20%
play
20%
call
18%
gave
18%
lose
18%
other
18%
long
16%
seems
16%
truth
16%
whose
16%
young
16%
free
15%
phone,
15%
phone
15%
called
13%
eyes
13%
far
13%
hand
13%
ones
13%
ago
11%
beauty
11%
came
11%
dreams
11%
learned
11%
lives
11%
lovers
11%
ourselves
11%
please,
11%
today
11%
brown
9%
deserve"
9%
eyed
9%
faces,
9%
married
9%
needs,
9%
queen
9%
seventeen
9%
world
9%
clear
7%
gain
7%
name
7%
queens
7%
ravaged
7%
school
7%
sides
7%
skinned
7%
smiles
7%
ugly
7%
basketball
5%
choosing
5%
dare
5%
desperately
5%
duckling
5%
graces,
5%
high
5%
inventing
5%
lacking
5%
murmur
5%
murmured
5%
names
5%
obscenities
5%
pain
5%
remained
5%
Remember
5%
retired
5%
serve
5%
small
5%
social
5%
vague
5%
valentines
5%
younger
5%
youth,
5%
beautiful
4%
charades
4%
cheat
4%
downs,
4%
Friday
4%
marries
4%
"Pity,
4%
pronounce,
4%
repenting
4%
solitaire
4%
sought
4%
town
4%
unknown
4%
accounts
2%
company,
2%
debentures
2%
dubious
2%
due
2%
dull
2%
elderly
2%
exceeds
2%
gape
2%
guarantee
2%
hometown
2%
integrity
2%
payment
2%
quality
2%
received
2%
relationed
2%
rich
2%
spent
2%
surprise
2%

Score Distribution

Percentile by Number Answered

Percent of People with Each Score

Your Score History

You have not taken this quiz